El juego de los grandes /

Bibliographic Details
Main Authors: Newell, Peter, 1862-1924 (Author), Nater, Swen, 1950- (Author)
Other Authors: García Fernández, Valle-Nara (Translator)
Format: Electronic eBook
Language:Spanish
English
Published: Barcelona : Editorial Paidotribo, [2011]
Edition:Primera edición.
Subjects:
Online Access:Digitalia Hispánica

MARC

LEADER 00000nam a2200000Ii 4500
001 DIGEDPBR0092
003 NyNyDIG
006 m o d
007 cr |||||||||||
008 260105s2011 sp o 001 0 spa d
035 |a (OCoLC)993775302 
040 |a DGITA  |b eng  |e rda  |e pn  |c DGITA 
020 |a 9788499102382  |q ePub 
020 |z 9788499100883 
041 1 |a spa  |h eng 
050 1 4 |a GV885.3 ebook 
100 1 |a Newell, Peter,  |d 1862-1924,  |e author. 
240 1 0 |a Pete Newell's playing big.  |l Spanish 
245 1 3 |a El juego de los grandes /  |c Peter Newell, Swen Nater ; traducción, Valle García. 
250 |a Primera edición. 
264 1 |a Barcelona :  |b Editorial Paidotribo,  |c [2011] 
300 |a 1 online resource. 
336 |a text  |b txt  |2 rdacontent 
337 |a computer  |b c  |2 rdamedia 
338 |a online resource  |b cr  |2 rdacarrier 
347 |a text file  |2 rdaft 
347 |b EPUB 
500 |a Includes index. 
588 0 |a Online resource; title from ePub title page (Digitalia, viewed January 5, 2026) 
650 0 |a Basketball  |x Coaching. 
700 1 |a Nater, Swen,  |d 1950-  |e author. 
700 1 |a García Fernández, Valle-Nara,  |e translator. 
700 1 |i Translation of:  |a Newell, Peter,  |d 1862-1924.  |t Pete Newell's playing big. 
791 2 |a Digitalia (Firm),  |e distributor. 
793 0 |g Digitalia eBook Collection:  |a Editorial Paidotribo 
776 0 8 |i Print version:  |a Newell, Peter, 1862-1924.  |s Pete Newell's playing big. Spanish.  |t Juego de los grandes.  |b Primera edición.  |d Barcelona : Editorial Paidotribo, [2011]  |z 9788499100883 
856 4 0 |3 Digitalia Hispánica  |u https://www.digitaliapublishing.com/a/159741/ 
910 |a Premium collection: 2026